00414nam a2200193Ia 4500008004000000041000800040082001200048100001400060245003900074260004000113650001300153650000600166650001000172650000600182650000700188650000800195650001100203650000600214210210b1949 xxu||||| |||| 00| 0 eng d aeng a825/696 aRAJAN (B) aT s eliot: a study of his writings aLondonbDennis Dobson Limitedc1949 awritings aT astudy as aof ahis aeliot: aa